Welcome to WEB OPAC of MRSPTU Central Library

Spoken english : a foundation course:part 1 (Record no. 5533)

MARC details
000 -LEADER
fixed length control field 00463nam a2200181Ia 4500
008 - FIXED-LENGTH DATA ELEMENTS--GENERAL INFORMATION
fixed length control field 230711s9999||||xx |||||||||||||| ||und||
020 ## - INTERNATIONAL STANDARD BOOK NUMBER
International Standard Book Number 978-81-250-4300-0
041 ## - LANGUAGE CODE
Language code of text/sound track or separate title ENG
082 ## - DEWEY DECIMAL CLASSIFICATION NUMBER
Classification number 372.6
Item number SA-S
100 ## - MAIN ENTRY--PERSONAL NAME
Personal name Sadanand,Kamlesh
245 #0 - TITLE STATEMENT
Title Spoken english : a foundation course:part 1
250 ## - EDITION STATEMENT
Edition statement 1st Ed.
260 ## - PUBLICATION, DISTRIBUTION, ETC.
Date of publication, distribution, etc. 2011
Place of publication, distribution, etc. New Delhi
Name of publisher, distributor, etc. Orient BlackSwan
300 ## - PHYSICAL DESCRIPTION
Extent 203
650 ## - SUBJECT ADDED ENTRY--TOPICAL TERM
Topical term or geographic name entry element COMMUNICATION SKILL
700 ## - ADDED ENTRY--PERSONAL NAME
Personal name Punitha,Susheela
942 ## - ADDED ENTRY ELEMENTS (KOHA)
Koha item type Book
Holdings
Withdrawn status Lost status Damaged status Not for loan Collection Home library Current library Date acquired Total checkouts Full call number Barcode Date last seen Price effective from Koha item type
          MRSPTU Central Library MRSPTU Central Library     372.6 SA-S 24376 08/17/2023 08/17/2023 Book
          MRSPTU Central Library MRSPTU Central Library     372.6 SA-S 24377 08/17/2023 08/17/2023 Book
          MRSPTU Central Library MRSPTU Central Library     372.6 SA-S 24378 08/17/2023 08/17/2023 Book
          MRSPTU Central Library MRSPTU Central Library     372.6 SA-S 24379 08/17/2023 08/17/2023 Book
          MRSPTU Central Library MRSPTU Central Library     372.6 SA-S 24380 08/17/2023 08/17/2023 Book
          MRSPTU Central Library MRSPTU Central Library     372.6 SA-S 24381 08/17/2023 08/17/2023 Book
          MRSPTU Central Library MRSPTU Central Library     372.6 SA-S 24382 08/17/2023 08/17/2023 Book
          MRSPTU Central Library MRSPTU Central Library     372.6 SA-S 24383 08/17/2023 08/17/2023 Book
          MRSPTU Central Library MRSPTU Central Library     372.6 SA-S 24384 08/17/2023 08/17/2023 Book
          MRSPTU Central Library MRSPTU Central Library     372.6 SA-S 24385 08/17/2023 08/17/2023 Book
          MRSPTU Central Library MRSPTU Central Library     372.6 SA-S 24386 08/17/2023 08/17/2023 Book
          MRSPTU Central Library MRSPTU Central Library     372.6 SA-S 24387 08/17/2023 08/17/2023 Book
          MRSPTU Central Library MRSPTU Central Library     372.6 SA-S 24388 08/17/2023 08/17/2023 Book
          MRSPTU Central Library MRSPTU Central Library     372.6 SA-S 24389 08/17/2023 08/17/2023 Book
          MRSPTU Central Library MRSPTU Central Library     372.6 SA-S 24390 08/17/2023 08/17/2023 Book

Website Designed and Developed by MRSPTU Central Library Team

E-mail Id: librarian@mrsptu.ac.in